000 00790cab a2200241 4500
001 ABS58812
008 090401t1998 xxu||||| |||| 00| 0 eng d
035 _a(Sirsi) u86686
041 _aeng
100 _aSeidl, A.
245 _aPolitical roadblock
260 _c1998
350 _a0
490 _aEstates Gazette
_v(9822) 30 May 1998, 62-63(2)
520 _aHighlights how local councils and developers are already acting in anticipation of the expected curbs on car parking spaces to out of town centres, to be announced in the Government`s transport White Paper.
650 _aCAR PARKING
650 _aOUT-OF-TOWN DEVELOPMENT
650 _aPUBLIC TRANSPORT
650 _aTRANSPORT POLICY
690 _aTRANSPORT AND COMMUNICATIONS
942 _n0
948 _c08/06/1998
999 _c54584
_d54584